21: Rechnen mit ganzen Zahlen - Statistiken

Allgemein
  • Dieses Quiz wurde 759 mal gespielt
  • Das Durchschnittsergebnis liegt bei 19 aus 20
Antwortstatistiken
Problem Solution % Korrekt
-4+4 0
100%
0+0 0
100%
1+(-1) 0
100%
2+(-2) 0
100%
3+(-3) 0
100%
4+(-4) 0
100%
5+(-5) 0
100%
5-5 0
100%
4-4 0
100%
3-3 0
100%
2-2 0
100%
1-1 0
100%
0-0 0
100%
-3-(-3) 0
100%
-4-(-4) 0
100%
-4*0 0
100%
-3*0 0
100%
-2*0 0
100%
-1*0 0
100%
0*(-5) 0
100%
0*(-4) 0
100%
0*2 0
100%
0*3 0
100%
0*4 0
100%
0*5 0
100%
1*0 0
100%
3*0 0
100%
5*0 0
100%
0:1 0
100%
0:2 0
100%
0:3 0
100%
0:4 0
100%
0:(-5) 0
100%
0:(-4) 0
100%
0:(-2) 0
100%
-4+3 -1
100%
-4+5 1
100%
-3+2 -1
100%
-3+4 1
100%
-2+1 -1
100%
0+(-1) -1
100%
1+0 1
100%
2+(-3) -1
100%
3+(-4) -1
100%
3+(-2) 1
100%
4+(-5) -1
100%
5+(-4) 1
100%
5-4 1
100%
3-4 -1
100%
2-1 1
100%
2-3 -1
100%
1-0 1
100%
1-2 -1
100%
0-(-1) 1
100%
0-1 -1
100%
-1-(-2) 1
100%
-1-0 -1
100%
-2-(-1) -1
100%
-3-(-4) 1
100%
-3-(-2) -1
100%
-4-(-5) 1
100%
-4-(-3) -1
100%
-1:1 -1
100%
-2:2 -1
100%
2:2 1
100%
-5:5 -1
100%
5:(-5) -1
100%
4:(-4) -1
100%
-1:(-1) 1
100%
-5+(-5) -10
100%
5+5 10
100%
-5-5 -10
100%
-5*(-2) 10
100%
-2*5 -10
100%
2*(-5) -10
100%
2*5 10
100%
5*(-2) -10
100%
5*2 10
100%
-4*(-3) 12
100%
-3*4 -12
100%
3*4 12
100%
4*3 12
100%
-5*(-3) 15
100%
-3*(-5) 15
100%
-3*5 -15
100%
3*5 15
100%
5*(-3) -15
100%
-4*(-4) 16
100%
-4*4 -16
100%
4*(-4) -16
100%
-5+3 -2
100%
-4+2 -2
100%
-2+0 -2
100%
-2+4 2
100%
-1+(-1) -2
100%
-1+3 2
100%
0+(-2) -2
100%
1+(-3) -2
100%
1+1 2
100%
2+(-4) -2
100%
5-3 2
100%
3-5 -2
100%
2-0 2
100%
2-4 -2
100%
-1-(-3) 2
100%
-1-1 -2
100%
-2-(-4) 2
100%
-3-(-5) 2
100%
-3-(-1) -2
100%
-5-(-3) -2
100%
-2*(-1) 2
100%
-1*2 -2
100%
2*1 2
100%
2:1 2
100%
4:2 2
100%
-6:3 -2
100%
-10:5 -2
100%
10:(-5) -2
100%
8:(-4) -2
100%
-8:(-4) 2
100%
-6:(-3) 2
100%
4:(-2) -2
100%
-4:(-2) 2
100%
-2:(-1) 2
100%
-5*4 -20
100%
-4*(-5) 20
100%
-4*5 -20
100%
4*(-5) -20
100%
-5*5 -25
100%
5*(-5) -25
100%
-5+2 -3
100%
-4+1 -3
100%
-3+0 -3
100%
-2+5 3
100%
-1+4 3
100%
2+(-5) -3
100%
3+0 3
100%
4+(-1) 3
100%
5+(-2) 3
100%
3-0 3
100%
1-(-2) 3
100%
0-(-3) 3
100%
0-3 -3
100%
-1-(-4) 3
100%
-2-1 -3
100%
-3-0 -3
100%
-5-(-2) -3
100%
-3*1 -3
100%
-1*3 -3
100%
1*3 3
100%
3*1 3
100%
-3:1 -3
100%
3:1 3
100%
-9:3 -3
100%
9:3 3
100%
12:4 3
100%
-15:5 -3
100%
15:5 3
100%
15:(-5) -3
100%
-12:(-4) 3
100%
-9:(-3) 3
100%
6:(-2) -3
100%
3:(-1) -3
100%
-3:(-1) 3
100%
-5+1 -4
100%
-4+0 -4
100%
-2+(-2) -4
100%
-1+5 4
100%
0+(-4) -4
100%
0+4 4
100%
1+(-5) -4
100%
1+3 4
100%
2+2 4
100%
4-0 4
100%
3-(-1) 4
100%
2-(-2) 4
100%
1-5 -4
100%
-1-3 -4
100%
-2-2 -4
100%
-3-1 -4
100%
-4-0 -4
100%
-4*(-1) 4
100%
-4*1 -4
100%
-2*(-2) 4
100%
-1*(-4) 4
100%
1*(-4) -4
100%
1*4 4
100%
2*(-2) -4
100%
2*2 4
100%
4*1 4
100%
4:1 4
100%
-12:3 -4
100%
-16:4 -4
100%
16:4 4
100%
-20:5 -4
100%
20:(-5) -4
100%
-20:(-5) 4
100%
-16:(-4) 4
100%
-12:(-3) 4
100%
8:(-2) -4
100%
-8:(-2) 4
100%
4:(-1) -4
100%
-4+(-1) -5
100%
-1+(-4) -5
100%
1+4 5
100%
2+3 5
100%
3+2 5
100%
4+1 5
100%
5+0 5
100%
1-(-4) 5
100%
0-(-5) 5
100%
0-5 -5
100%
-4-1 -5
100%
-5-0 -5
100%
-5*(-1) 5
100%
1*(-5) -5
100%
1*5 5
100%
5*(-1) -5
100%
-5:1 -5
100%
5:1 5
100%
10:2 5
100%
-15:3 -5
100%
-20:4 -5
100%
20:4 5
100%
-25:5 -5
100%
25:5 5
100%
25:(-5) -5
100%
-20:(-4) 5
100%
-15:(-3) 5
100%
10:(-2) -5
100%
-10:(-2) 5
100%
-5:(-1) 5
100%
-4+(-2) -6
100%
-3+(-3) -6
100%
-2+(-4) -6
100%
-1+(-5) -6
100%
1+5 6
100%
3+3 6
100%
4+2 6
100%
4-(-2) 6
100%
-2-4 -6
100%
-3*2 -6
100%
-2*(-3) 6
100%
2*(-3) -6
100%
2*3 6
100%
3*2 6
100%
-5+(-2) -7
100%
-4+(-3) -7
100%
-3+(-4) -7
100%
2+5 7
100%
4+3 7
100%
5-(-2) 7
100%
3-(-4) 7
100%
2-(-5) 7
100%
-4-3 -7
100%
-5-2 -7
100%
-5+(-3) -8
100%
-4+(-4) -8
100%
3+5 8
100%
5+3 8
100%
5-(-3) 8
100%
4-(-4) 8
100%
-3-5 -8
100%
-5-3 -8
100%
-4*(-2) 8
100%
-4*2 -8
100%
-2*4 -8
100%
4*2 8
100%
4+5 9
100%
5+4 9
100%
-5-4 -9
100%
-3*(-3) 9
100%
3*(-3) -9
100%
3*3 9
100%
0:(-1) 0
95%
4*4 16
95%
1*(-2) -2
95%
5*4 20
95%
2+1 3
95%
5-0 5
95%
2-(-3) 5
95%
-2-3 -5
95%
-5*1 -5
95%
-1*(-5) 5
95%
4*(-2) -8
95%
-5*0 0
94%
0*(-3) 0
94%
0*1 0
94%
2*0 0
94%
-5+4 -1
94%
-2+3 1
94%
0+1 1
94%
4-3 1
94%
-1*(-1) 1
94%
-2:(-2) 1
94%
1:(-1) -1
94%
-2*(-5) 10
94%
-4*3 -12
94%
3*(-5) -15
94%
1-(-1) 2
94%
-2*1 -2
94%
6:3 2
94%
4*5 20
94%
5-2 3
94%
2-5 -3
94%
1-4 -3
94%
-3*(-1) 3
94%
3*(-1) -3
94%
-6:2 -3
94%
12:(-4) -3
94%
1-(-3) 4
94%
12:3 4
94%
0+5 5
94%
-3-2 -5
94%
5*1 5
94%
15:(-3) -5
94%
3-(-3) 6
94%
-5-1 -6
94%
4+4 8
94%
-2+2 0
93%
-1+1 0
93%
-5-(-5) 0
93%
0*(-2) 0
93%
4*0 0
93%
-1+0 -1
93%
1*(-1) -1
93%
5:5 1
93%
3:(-3) -1
93%
2:(-2) -1
93%
5*3 15
93%
-3+5 2
93%
0+2 2
93%
2+0 2
93%
3+(-1) 2
93%
5+(-3) 2
93%
-2-0 -2
93%
-4-(-2) -2
93%
1*2 2
93%
-4:2 -2
93%
8:4 2
93%
10:5 2
93%
5*(-4) -20
93%
-2+(-1) -3
93%
1+2 3
93%
6:2 3
93%
5+(-1) 4
93%
0-4 -4
93%
-1-(-5) 4
93%
8:2 4
93%
12:(-3) -4
93%
-3+(-2) -5
93%
-10:2 -5
93%
15:3 5
93%
5+1 6
93%
5-(-1) 6
93%
-2*3 -6
93%
-2+(-5) -7
93%
5+2 7
93%
4-(-3) 7
93%
3-(-5) 8
93%
-2*(-4) 8
93%
-5+(-4) -9
93%
-4+(-5) -9
93%
5-(-4) 9
93%
-4-5 -9
93%
-3*3 -9
93%
-5+5 0
92%
-1-(-1) 0
92%
0*0 0
92%
1+(-2) -1
92%
2+(-1) 1
92%
-5-(-4) -1
92%
3:3 1
92%
-4:(-4) 1
92%
-3:(-3) 1
92%
5-(-5) 10
92%
-5*2 -10
92%
-3+1 -2
92%
3-1 2
92%
1-3 -2
92%
-2:1 -2
92%
-8:4 -2
92%
5*5 25
92%
0+(-3) -3
92%
1+(-4) -3
92%
4-1 3
92%
2-(-1) 3
92%
-2-(-5) 3
92%
-4-(-1) -3
92%
-1*(-3) 3
92%
-1+(-3) -4
92%
3+1 4
92%
0-(-4) 4
92%
-8:2 -4
92%
-5+0 -5
92%
-1*5 -5
92%
-25:(-5) 5
92%
2+4 6
92%
2-(-4) 6
92%
-4-4 -8
92%
0:5 0
91%
4+(-3) 1
91%
1:1 1
91%
-3*(-4) 12
91%
-10:(-5) 2
91%
-5*(-4) 20
91%
-1+(-2) -3
91%
-6:(-2) 3
91%
-3+(-1) -4
91%
-5-(-1) -4
91%
16:(-4) -4
91%
-1-4 -5
91%
1-(-5) 6
91%
3*(-2) -6
91%
-3+(-5) -8
91%
-3+3 0
90%
-1+2 1
90%
-1*1 -1
90%
4:4 1
90%
3*(-4) -12
90%
4-2 2
90%
0-2 -2
90%
2:(-1) -2
90%
-2*2 -4
90%
4-(-1) 5
90%
-4-2 -6
90%
-3-4 -7
90%
-2-(-3) 1
89%
1*1 1
89%
9:(-3) -3
89%
4*(-1) -4
89%
-4:(-1) 4
89%
3-(-2) 5
89%
-1-5 -6
89%
-3-3 -6
89%
-2-(-2) 0
88%
0*(-1) 0
88%
4-5 -1
88%
3+(-5) -2
88%
2*(-1) -2
88%
-5*(-5) 25
88%
-1*4 -4
88%
20:5 4
88%
-5+(-1) -6
88%
6:(-3) -2
87%
20:(-4) -5
87%
5:(-1) -5
87%
0-(-2) 2
86%
0+3 3
86%
1*(-3) -3
86%
-4:1 -4
86%
3+4 7
85%
3-2 1
83%
4*(-3) -12
83%
-5*3 -15
83%
4+0 4
83%
-2+(-3) -5
83%
-3*(-2) 6
83%
4-(-5) 9
83%
-1*(-2) 2
82%
-1-2 -3
82%
-15:(-5) 3
81%
-4:4 -1
80%
4+(-2) 2
80%
5-1 4
80%
0+(-5) -5
80%
2*(-4) -8
79%
2*4 8
78%
-5:(-5) 1
77%
-12:4 -3
75%
-3:3 -1
71%
0:(-3) 0
70%
-2-5 -7
69%
Keine übereinstimmenden Quizze gefunden
Verteilung der Resultate
Anzahl Personen mit jedem Resultat
Perzentil nach korrekt beantworteten Fragen
Ihre Resultats-Entwicklung
Sie haben dieses Quiz noch nicht gespielt